Organic fertilizer and chemical fertilizer utilization on chili, ការប្រើប្រាស់ជីធម្មជាតិនិងជីគីទៅលើដំណាំម្ទេសដៃនាង (Record no. 6110)
[ view plain ]
| 000 -LEADER | |
|---|---|
| fixed length control field | 00581nam a22001577a 4500 |
| 003 - CONTROL NUMBER IDENTIFIER | |
| control field | OSt |
| 005 - DATE AND TIME OF LATEST TRANSACTION | |
| control field | 20160118153056.0 |
| 008 - FIXED-LENGTH DATA ELEMENTS--GENERAL INFORMATION | |
| fixed length control field | 160118b xxu||||| |||| 00| 0 eng d |
| 040 ## - CATALOGING SOURCE | |
| Transcribing agency | RUA |
| 082 ## - DEWEY DECIMAL CLASSIFICATION NUMBER | |
| Classification number | GRS CHA 2010 B352 Or.1 |
| 100 ## - MAIN ENTRY--PERSONAL NAME | |
| 9 (RLIN) | 6539 |
| Personal name | MOK, CHANDARITH. |
| 245 ## - TITLE STATEMENT | |
| Title | Organic fertilizer and chemical fertilizer utilization on chili, ការប្រើប្រាស់ជីធម្មជាតិនិងជីគីទៅលើដំណាំម្ទេសដៃនាង |
| 260 ## - PUBLICATION, DISTRIBUTION, ETC. (IMPRINT) | |
| Place of publication, distribution, etc. | Phnom Penh |
| Name of publisher, distributor, etc. | RUA |
| Date of publication, distribution, etc. | 2010 |
| 300 ## - PHYSICAL DESCRIPTION | |
| Extent | viii, 22p. |
| Other physical details | ill. |
| Dimensions | 29cm. |
| 942 ## - ADDED ENTRY ELEMENTS (KOHA) | |
| Source of classification or shelving scheme | |
| Koha item type | GRS |
| Price effective from | Date last seen | Permanent Location | Not for loan | Date acquired | Source of classification or shelving scheme | Koha item type | Lost status | Withdrawn status | Date last checked out | Total Checkouts | Shelving location | Damaged status | Barcode | Current Location | Full call number |
|---|---|---|---|---|---|---|---|---|---|---|---|---|---|---|---|
| 2016-01-18 | 2018-07-20 | Library Block B | 2016-01-18 | GRS | 2018-07-16 | 3 | B352 | RUA046297 | Library Block B | GRS CHA 2010 B352 Or.1 | |||||
| 2016-01-18 | 2016-01-18 | Library Block B | 2016-01-18 | GRS | B352 | RUA41175 | Library Block B | GRS CHA 2010 B352 Or.2 | |||||||
| 2016-01-18 | 2022-03-18 | Library Block B | 2016-01-18 | GRS | 2022-02-11 | 3 | B352 | RUA41114 | Library Block B | GRS CHA 2010 B352 Or.3 | |||||
| 2016-01-18 | 2016-01-18 | Library Block B | 2016-01-18 | GRS | B352 | RUA41893 | Library Block B | GRS CHA 2010 B352 Or.4 | |||||||
| 2016-01-18 | 2018-03-12 | Library Block B | 2016-01-18 | GRS | 2018-03-10 | 1 | B352 | RUA41180 | Library Block B | GRS CHA 2010 B352 Or.5 | |||||
| 2016-01-18 | 2016-01-18 | Library Block B | 2016-01-18 | GRS | B352 | RUA41402 | Library Block B | GRS CHA 2010 B352 Or.6 | |||||||
| 2016-01-18 | 2021-06-14 | Library Block B | 2016-01-18 | GRS | 2021-05-25 | 1 | B352 | RUA41461 | Library Block B | GRS CHA 2010 B352 Or.7 | |||||
| 2019-07-29 | 2019-07-29 | Library Block B | 2019-07-29 | GRS | B1.250 | A36360 | Library Block B | GRS CHA 2010 B1.250 Or.1 |